000 00265pam a2200121 a 4500
020 _c
041 _h
082 _a415.03
_bVIR
100 _aVIRKAR K. B.,
245 _aLITTLE MODERN DICTIONARY
_hTextual Documents
260 _bNot Defined
_c1970
930 _a11256
999 _c130700
_d130700